Statistiken für RE 11 Halte Luxemburg - Koblenz

Klicken Sie hier um das Quiz zu spielen!

Allgemein

  • Dieses Quiz wurde 57 mal gespielt
  • Das Durchschnittsergebnis liegt bei 8 aus 14

Antwortstatistiken

LandHaltestelle% Korrekt
DeutschlandTrier HBF
94%
DeutschlandKoblenz HBF
92%
LuxemburgLuxembourg
92%
DeutschlandCochem
66%
LuxemburgWasserbillig
66%
DeutschlandKreuz Konz
64%
DeutschlandWittlich HBF
62%
DeutschlandKobern-Gondorf
49%
DeutschlandSchweich
49%
DeutschlandBullay
45%
DeutschlandIgel
45%
DeutschlandTrier Süd
45%
DeutschlandTreis-Karden
42%
LuxemburgSandweiler-Contern
36%

Verteilung der Resultate

Perzentil nach korrekt beantworteten Fragen

Anzahl Personen mit jedem Resultat

Ihre Resultats-Entwicklung

Sie haben dieses Quiz noch nicht gespielt